Statistics for McDonald's UK Menu

Click here to take the quiz!

General Stats

  • This quiz has been taken 35 times
    (27 since last reset)
  • The average score is 27 of 118

Answer Stats

HintAnswer% Correct
SandwichBig Mac
78%
Happy meal | SandwichCheeseburger
67%
Cold drinkCoke
67%
Happy mealChicken nuggets
61%
Happy meal | SandwichHamburger
56%
DessertMcflurry
56%
Condiments and saucesBBQ
50%
MilkshakeChocolate
50%
SandwichDouble cheese burger
50%
Cold drinkFanta
50%
Breakfast (Side)Hashbrown
50%
Condiments and saucesKetchup
50%
FriesLarge
50%
FriesMedium
50%
FriesSmall
50%
MilkshakeStrawberry
50%
Condiments and saucesSweet chilli
50%
MilkshakeVanilla
50%
DessertApple pie
44%
MilkshakeBanana
44%
Cold drinkDiet coke
44%
Cold drinkMilk
44%
Cold drinkOasis
44%
Hot drinkCappuccino
39%
Hot drinkHot chocolate
39%
Hot drinkLatte
39%
Porridge withSyrup
39%
Hot drinkTea
39%
Cold drinkWater
39%
SandwichChicken Legend
33%
Bagel with | Porridge withJam
33%
BreakfastBreakfast Wrap
28%
Bagel withButter
28%
Cold drinkCoke zero
28%
Cold drinkOrange juice
28%
Porridge withSugar
28%
Condiments and saucesSweet and sour
28%
Wrap (grilled) | Wrap crispy)Sweet chilli chicken
28%
BreakfastBacon and egg mcmuffin
22%
Hot drinkBlack coffee
22%
SandwichChicken mayo
22%
Hot drinkEspresso
22%
SandwichFilet o fish
22%
Cold drinkFruit shoot
22%
Hot drink | Iced frappeMocha
22%
BreakfastSausage and egg mcmuffin
22%
SandwichBacon double cheeseburger
17%
BreakfastBacon Roll
17%
DessertBlueberry muffin
17%
Iced frappeCaramel
17%
BreakfastDouble sausage and egg mcmuffin
17%
Cold drinkFrozen strawberry lemonade
17%
Cold drinkIced latte
17%
SandwichMc chicken sandwich
17%
BreakfastPancakes and syrup
17%
Condiments and saucesSour cream and chive
17%
Cold drinkSprite zero
17%
Condiments and saucesSweet curry
17%
Happy meal | SideVeggie dippers
17%
Chicken20 chicken nuggets
11%
Chicken3 chicken selects
11%
Chicken5 chicken selects
11%
Chicken6 chicken nuggets
11%
Chicken9 chicken nuggets
11%
SandwichBacon mayo chicken
11%
SideCarrot sticks
11%
BreakfastCheesy bacon flatbread
11%
DessertChocolate muffin
11%
BreakfastDouble bacon and egg mcmuffin
11%
BreakfastEgg and cheese mcmuffin
11%
Happy mealFish fingers
11%
SideFruit bag
11%
Wrap (crispy)Garlic Mayo Chicken
11%
Wrap (grilled)Garlic mayo chicken
11%
Cold drinkIRN-BRU
11%
Fruit smoothieMango and pineapple
11%
SideMozzarella dippers
11%
BreakfastPancakes and sausage
11%
SandwichQuarter pounder with cheese
11%
Condiments and saucesRich tomato
11%
Condiments and saucesSmoky BBQ
11%
Hot drinkWhite coffee
11%
BreakfastBacon and egg bagel
6%
Condiments and saucesBalsamic dressing
6%
Wrap (crispy) | Wrap (grilled)BBQ chicken and bacon
6%
DessertBerry muffin
6%
SandwichChicken BLC
6%
DessertChocolate brownie
6%
SaladCrispy chicken
6%
SaladCrispy chicken and bacon
6%
Wrap (crispy)Fajita chicken
6%
Bagel withFlora
6%
SaladGrilled chicken
6%
SaladGrilled chicken and bacon
6%
DessertIce cream cone
6%
DessertMillionare's doughnut
6%
Bagel withPhiledelphia
6%
BreakfastSausage and egg bagel
6%
SideSide salad
6%
WrapSpicy chicken snack wrap
6%
WrapSpicy veggie
6%
Fruit smoothieStrawberry and banana
6%
DessertStrawberry sundae
6%
DessertSugar doughnut
6%
Condiments and saucesTangy tomato
6%
DessertToffee sundae
6%
DessertTriple chocolate cookie
6%
SandwichVegetable deluxe
6%
SideApple and grape fruit bag
0%
Hot drinkCaramel latte
0%
Wrap (grilled)Fajita chicken
0%

Score Distribution

Percentile by Number Answered

Percent of People with Each Score

Your Score History

You have not taken this quiz since the last reset